<?xml version="1.0" encoding="UTF-8"?>
<collection xmlns="http://www.loc.gov/MARC21/slim">
  <record>
    <leader>00000nam  2200000   4500</leader>
    <controlfield tag="001">INLIS000000000020657</controlfield>
    <controlfield tag="005">20250728015846</controlfield>
    <datafield tag="035" ind1="#" ind2="#">
      <subfield code="a">0010-0725000187</subfield>
    </datafield>
    <datafield tag="245" ind1="1" ind2="#">
      <subfield code="a">Peningkatan Kapasitas Pengurus Badan Usaha Milik Desa (BUM Desa) Melalui Pelatihan BUMDesa Mandiri Berbasis Masyarakat di BPPMDDTT Bengkulu /</subfield>
      <subfield code="c">Dadang Herawan Susanto</subfield>
    </datafield>
    <datafield tag="100" ind1=" " ind2="#">
      <subfield code="a">Dadang Herawan Susanto</subfield>
    </datafield>
    <datafield tag="300" ind1="#" ind2="#">
      <subfield code="a">30 hlm. ;</subfield>
      <subfield code="c">30 cm</subfield>
    </datafield>
    <datafield tag="260" ind1="#" ind2="#">
      <subfield code="a">Jakarta :</subfield>
      <subfield code="b">Pusbangkom Pimnas dan Manajerial ASN,</subfield>
      <subfield code="c">2024</subfield>
    </datafield>
    <datafield tag="084" ind1="#" ind2="#">
      <subfield code="a">R 0032 PKA 2024</subfield>
    </datafield>
    <datafield tag="650" ind1="#" ind2="4">
      <subfield code="a">Pelatihan BUMDesa</subfield>
    </datafield>
    <datafield tag="520" ind1="#" ind2="#">
      <subfield code="a">Adanya proyek eprubahan ini diharapkan dapat meningkatkan pengetahuan, keterampilan dan sikap Pengurus BUMDesa mengenai pengembangan BUM Desa secara mandiri berbasis masyarakat sehingga BUM Desa dapat mencapai tujuan untuk kesejahteraan masyarakat. Ruang lingkup Aksi Perubahan merupakan salah satu bentuk gerakan perubahan untuk mendukung Peningkatan Kapasitas Pengurus Badan Usaha Milik Desa Melalui Pelatihan Badan Usaha Milik Desa Berbasis Masyarakat menuju pelaksanaan pelatihan secara digital atau daring dengan pemanfaatan teknologi informasi</subfield>
    </datafield>
    <datafield tag="990" ind1="#" ind2="#">
      <subfield code="a">2024/1.2.3/A/0032</subfield>
    </datafield>
  </record>
</collection>
